000 00497nam a2200193Ia 4500
008 210417s9999 xx 000 0 und d
020 _a9780198473138
020 _b198473133
082 _a370.114 BER
082 _b2.370.114BER
245 0 _aWhat do you want to be?
245 0 _cWhat do you want to be
250 _b24 p. : col. ; ill. ; 22 cm. ; pbk.
260 _aOxford
260 _bOxford University Press
260 _c2003
700 _a"Berry, Shilo"
700 _bShilo Berry
999 _c454501
_d454501